000
00310nam a2200133Ia 4500
008
240913s9999||||xx |||||||||||||| ||und||
082
_a
325.3 POS
100
_a
NULL
245
0
_a
Postcolonial Studies and beyond
250
_a
NULL
260
_b
Permanent Black
_a
Delhi
_c
2008
300
_a
499
942
_c
BKS
999
_c
11834
_d
11834